000
00283nam a22001097a 4500
082
_a
294
100
_a
Dr.Dalvinder Singh Grewal
_9
83511
245
_a
Guru Nanak Dev Ji As Communicator Par Excellence
260
_a
Grugram
_b
Earth Vision Pub.
_c
2022
650
_a
Religion
942
_c
BK
999
_c
68451
_d
68451